Stres v pracovnom procese bakalárska práca

Saved in:
Bibliographic Details
Main Author: Benczeová, Barbara
Corporate Author: Fakulta podnikového manažmentu EU. Katedra manažmentu
Other Authors: Matkovčíková, Natália, 1982-
Format: Book
Language:Slovak
Published: Bratislava 2023
Tags: Add Tag
No Tags, Be the first to tag this record!

MARC

LEADER 00000nbm a2200000 4500
001 0293546
005 20240424112058.1
041 0 |a slo 
044 |a SK 
245 1 0 |a Stres v pracovnom procese  |b bakalárska práca  |c Barbara Benczeová ; školiteľ: Natália Matkovčíková 
264 1 |a Bratislava  |c 2023 
300 |a 48 s. 
100 1 |a Benczeová, Barbara 
700 1 |a Matkovčíková, Natália, 1982- 
710 2 |a Fakulta podnikového manažmentu EU. Katedra manažmentu